00000000nam 2200000zi 4500
0019.915256
003CaOODSP
00520230125133320
006m     o  d f      
007cr |n|||||||||
008220805e197710##onca    ob   f|0| 0 eng d
040 |aCaOODSP|beng|erda|cCaOODSP
043 |an-cn-on
0861 |aEn40-1053/1977E-PDF
24500|aStormwater runoff study at Toronto International Airport / |cJames F. MacLaren Limited.
264 1|a[Ottawa] : |b[Environmental Protection Service] : |cOctober 1977.
300 |a1 online resource (1 volume (various pagings)) : |billustrations
336 |atext|btxt|2rdacontent
337 |acomputer|bc|2rdamedia
338 |aonline resource|bcr|2rdacarrier
500 |aDigitized edition from print [produced by Environment and Climate Change Canada].
504 |aIncludes bibliographical references.
650 0|aAirport drainage|zOntario|zToronto.
650 0|aRunoff|zOntario|zToronto.
650 6|aAéroports|xDrainage|zOntario|zToronto.
650 6|aEaux de surface|zOntario|zToronto.
7101 |aCanada. |bEnvironment Canada. |bEnvironmental Protection Service, |eissuing body.
7102 |aJames F. MacLaren Ltd., |econsultant.
85640|qPDF|s9.08 MB|uhttps://publications.gc.ca/collections/collection_2023/eccc/en40/En40-1053-1977-eng.pdf